Pathfinder CDS (Record no. 353084)

MARC details
000 -LEADER
fixed length control field 00470nam a2200169Ia 4500
008 - FIXED-LENGTH DATA ELEMENTS--GENERAL INFORMATION
fixed length control field 230718s9999 xx 000 0 und d
020 ## - INTERNATIONAL STANDARD BOOK NUMBER
International Standard Book Number 9789325798014
041 ## - LANGUAGE CODE
Language code of text/sound track or separate title eng
082 ## - DEWEY DECIMAL CLASSIFICATION NUMBER
Classification number 355.03
Item number ARI
100 ## - MAIN ENTRY--PERSONAL NAME
Personal name Arihant
245 ## - TITLE STATEMENT
Title Pathfinder CDS
Remainder of title Combined Defence Services Entrance Examination 2022-2023
260 ## - PUBLICATION, DISTRIBUTION, ETC. (IMPRINT)
Date of publication, distribution, etc. 2022
Name of publisher, distributor, etc. Arihant
300 ## - PHYSICAL DESCRIPTION
Extent 1092
365 ## - TRADE PRICE
Currency code Rs.
Price amount 815.00
700 ## - ADDED ENTRY--PERSONAL NAME
Personal name Arihant
906 ## - LOCAL DATA ELEMENT F, LDF (RLIN)
d O:0768525-Nov-2022B:11222-Nov-2022
c GENRL
b 203.75
Holdings
Withdrawn status Lost status Damaged status Not for loan Home library Current library Date acquired Vendor Budget Code Cost, normal purchase price Bill number Total Checkouts Full call number Barcode Date last seen Date last checked out Discount Cost, replacement price Bill Date Koha item type Original Barcode
        Cummins College of Engineering for Women Pune Cummins College of Engineering for Women Pune 25/11/2022 Om Book Stall GENRL 611.25 112 11 355.03 CCEP-BK-64295 27/10/2025 06/10/2025 203.75 815.00 22/11/2022 Books 064295